00752nam a2200169Ia 4500008004100000024006400041082001700105100008400122110002300206245004200229260002500271600002100296650003300317856010700350952010800457999001700565250506s9999 xx 000 0 und d a18B-014-CS, 18B-054-CS, 18B-006-CS, 17B-039-CS & 18B-090-CS a004.1072 KHU aKainat Khursheed, Muhammad Sohaib, Shaheer Ahmed & Syed Shah Abdul Rehman Warsi aDr. Sharaf Hussain 0aWeb Based Journals Recommender System aKarachi:bUIT,c2018 aComputer Science aBachelor of Engineering (BE) uhttps://drive.google.com/file/d/1Ne6k9VDRLOn3ZRDb_erDTES0M69Yz70_/view?usp=sharingyClick here for PDF 001040708PR-CSaUITUbUITUd2023-06-08l0o004.1072 KHUpBS-648r2025-05-06 11:34:45w2025-05-06yPR c29096d29096